जन्मभूमी. (Record no. 771671)

MARC details
000 -LEADER
fixed length control field 00640nam a2200181Ia 4500
008 - FIXED-LENGTH DATA ELEMENTS--GENERAL INFORMATION
fixed length control field 100921s9999 xx 000 0 und d
082 ## - DEWEY DECIMAL CLASSIFICATION NUMBER
Item number 22558
Classification number 891.463 थ 89
100 ## - MAIN ENTRY--PERSONAL NAME
Personal name मंगेशकर गीता.
245 ## - TITLE STATEMENT
Title जन्मभूमी.
260 ## - PUBLICATION, DISTRIBUTION, ETC. (IMPRINT)
Name of publisher, distributor, etc बांदोडकर प्रकाशन, गोवा.
Date of publication, distribution, etc 1989
300 ## - PHYSICAL DESCRIPTION
Extent 230
Other physical details शब्दाली एंटरप्रायजेस्र
365 ## - TRADE PRICE
Price amount 75
520 ## - SUMMARY, ETC.
Summary, etc ललित-कादंबरी.
630 ## - SUBJECT ADDED ENTRY--UNIFORM TITLE
Uniform title जन्मभूमी.
650 ## - SUBJECT ADDED ENTRY--TOPICAL TERM
Topical term or geographic name as entry element ललित-कादंबरी.
730 ## - ADDED ENTRY--UNIFORM TITLE
Uniform title जन्मभूमी.
942 ## - ADDED ENTRY ELEMENTS (KOHA)
Koha item type Book
Holdings
Withdrawn status Lost status Damaged status Not for loan Home library Current library Shelving location Date acquired Cost, normal purchase price Total Checkouts Barcode Date last seen Price effective from Koha item type Public note
        Lo. Tilak Granthasangrahalaya, Wai Lo. Tilak Granthasangrahalaya, Wai     75.00   WAITILAKGS-22558 09/21/2010 09/21/2010 Book फाटले